000 00983nas a2200301 4500
001 BR2014008154
003 BR-BrBNA
005 20231205124849.0
007 ta
008 230509b bl.|||p| |||| 00| 00por d
040 _aBR-BrBNA
_bpor
_cBiblioteca Nacional de Agricultura
041 _a(Pt)
072 _aF30
100 1 _aAlves, R.M.
100 1 _aSilva, C.R. de S.
100 1 _aSilva, M.S. da C.
100 1 _aSilva, D.C. de S.
100 1 _aSebbenn, A.M.
245 1 _aDiversidade genética em coleções amazônicas de germoplasma de cupuaçuzeiro [Theobroma grandiflorum (Willd. ex Spreng.)Schum.]
650 _aCUPUAÇU
650 _aTHEOBROMA GRANDIFLORUM
650 _aVARIAÇÃO GENÉTICA
650 _aMARCADOR GENÉTICO
650 _aSENSORIAMENTO REMOTO
773 0 _tRevista Brasileira de Fruticultura (Brazil)
_xISSN 0100-2945
_g(Sep 2013), v. 35(3) p. 818-828
_wBR2014008154
909 _a202311
_bLúcia
_c55
_dLúcia Elande
942 _2AGRIS
_n0
_cANA
999 _c241300
_d241300